[Event "HUN-chT4 2223"]
[Site "Gyor"]
[Date "2022.12.11"]
[Round "3"]
[White "Remport, Gabor"]
[Black "Kocsis, Tihamer"]
[Result "0-1"]
[WhiteElo "1720"]
[BlackElo "1897"]
[PlyCount "117"]
[EventDate "2022.10.09"]
[EventType "team-tourn"]
[EventRounds "7"]
[EventCountry "HUN"]
[SourceTitle "EXT 2024"]
[Source "ChessBase"]
[SourceDate "2023.10.10"]
[SourceVersion "1"]
[SourceVersionDate "2023.10.10"]
[SourceQuality "1"]
[WhiteTeam "Szigetkoez"]
[BlackTeam "Gyor Szechenyi II"]
[WhiteTeamCountry "HUN"]
[BlackTeamCountry "HUN"]

1. d4 e6 2. Nf3 f5 3. c4 Nf6 4. g3 d5 5. Bg2 c6 6. 0-0 Bd6 7. Bg5 h6 8. Bd2 0-0 9. Qb3 Nbd7 10. Bb4 Ne4 11. Bxd6 Nxd6 12. Nbd2 b5 13. cxd5 cxd5 14. Rac1 Bb7 15. Ne1 Qb6 16. Ndf3 a5 17. Nd3 Nc4 18. Rfd1 Rfc8 19. a4 b4 20. e3 Ba6 21. Bf1 Ra7 22. Qa2 b3 23. Qa1 Rb8 24. h4 Qd6 25. Nf4 Rb4 26. Rc3 Rab7 27. Nd3 R4b6 28. Nf4 Nf6 29. Bxc4 dxc4 30. Nd2 Rb4 31. f3 g5 32. hxg5 hxg5 33. Ne2 Nd5 34. Kf2 Qd7 35. Rcc1 Rxa4 36. Qb1 Nb4 37. Nxc4 Bxc4 38. Rxc4 Nc2 39. Rxa4 Qxa4 40. Nc3 Qc6 41. d5 Qc5 42. Qc1 e5 43. d6 Qc6 44. Qd2 Rd7 45. Qd3 Qc5 46. Qd5+ Qxd5 47. Nxd5 Kf7 48. Nb6 Rd8 49. d7 Ke6 50. Ke2 Nb4 51. e4 fxe4 52. fxe4 Nc6 53. Kd2 Rb8 54. Na4 Kxd7 55. Kc3+ Nd4 56. Rxd4+ exd4+ 57. Kd3 Kc6 58. Nc3 dxc3 59. Kxc3 0-1

[Event "Mosonmagyarovar Polip Kupa-A 2nd"]
[Site "Mosonmagyarovar"]
[Date "2022.07.09"]
[Round "1"]
[White "Remport, Gabor"]
[Black "Kozma, Aron"]
[Result "1-0"]
[WhiteElo "1738"]
[BlackElo "1551"]
[PlyCount "91"]
[EventDate "2022.07.09"]
[EventType "swiss"]
[EventRounds "4"]
[EventCountry "HUN"]
[SourceTitle "EXT 2023"]
[Source "ChessBase"]
[SourceDate "2022.10.05"]
[SourceVersion "1"]
[SourceVersionDate "2022.10.05"]
[SourceQuality "1"]

1. d4 d5 2. Nf3 c6 3. c4 Nf6 4. e3 Bf5 5. a3 h6 6. Nbd2 e6 7. Be2 Nbd7 8. 0-0 c5 9. dxc5 Nxc5 10. b4 Nd3 11. Qa4+ Qd7 12. Qxd7+ Nxd7 13. cxd5 exd5 14. Rd1 Nxc1 15. Raxc1 Be7 16. Rc7 Rb8 17. Nd4 Bd6 18. Rcc1 Bh7 19. N2f3 a6 20. Bd3 g6 21. Bb1 0-0 22. Ne2 Nb6 23. Ba2 Rfd8 24. Nc3 Rbc8 25. Kf1 Kg7 26. Nxd5 Rxc1 27. Rxc1 Nxd5 28. Bxd5 a5 29. Bxb7 axb4 30. a4 g5 31. Nd4 Bd3+ 32. Kg1 b3 33. Nxb3 Rb8 34. Bd5 Ba3 35. Rc7 Rb4 36. a5 Kf6 37. Rc6+ Ke5 38. Bxf7 Be4 39. Rc4 Rxc4 40. Bxc4 Bd5 41. Bxd5 Kxd5 42. f4 gxf4 43. exf4 Kc6 44. g4 Kb5 45. Kg2 Ka4 46. a6 1-0

[Event "Mosonmagyarovar Polip Kupa-A 2nd"]
[Site "Mosonmagyarovar"]
[Date "2022.07.09"]
[Round "4"]
[White "Zsirai, Balint"]
[Black "Remport, Gabor"]
[Result "1-0"]
[WhiteElo "1762"]
[BlackElo "1738"]
[PlyCount "46"]
[EventDate "2022.07.09"]
[EventType "swiss"]
[EventRounds "4"]
[EventCountry "HUN"]
[SourceTitle "EXT 2023"]
[Source "ChessBase"]
[SourceDate "2022.10.05"]
[SourceVersion "1"]
[SourceVersionDate "2022.10.05"]
[SourceQuality "1"]

1. e4 c6 2. d4 d5 3. f3 e6 4. e5 c5 5. Bb5+ Bd7 6. Bxd7+ Nxd7 7. c3 Ne7 8. Ne2 Nc6 9. 0-0 Be7 10. f4 0-0 11. Be3 f6 12. Kh1 Qb6 13. b3 Qc7 14. Nd2 fxe5 15. fxe5 Rxf1+ 16. Nxf1 b5 17. Nf4 Nd8 18. Qg4 Qc6 19. Ng3 c4 20. b4 a5 21. Ngh5 Bf8 22. Nxg7 Nxe5 23. dxe5 Bxg7 1-0

[Event "HUN-chT4 1112"]
[Site "Hungary"]
[Date "2011.12.18"]
[Round "4.2"]
[White "Remport, Gabor"]
[Black "Torok, Attila"]
[Result "1-0"]
[WhiteElo "1788"]
[BlackElo "1813"]
[PlyCount "149"]
[EventDate "2011.09.11"]
[EventType "team-tourn"]
[EventRounds "9"]
[EventCountry "HUN"]
[SourceTitle "EXT 2016"]
[Source "ChessBase"]
[SourceDate "2015.10.08"]
[SourceVersion "1"]
[SourceVersionDate "2015.10.08"]
[SourceQuality "1"]

1. e4 e5 2. Nf3 Nc6 3. Bb5 a6 4. Ba4 Nf6 5. 0-0 b5 6. Bb3 Be7 7. Re1 0-0 8. c3 d6 9. h3 h6 10. d4 exd4 11. cxd4 Na5 12. Bc2 Bb7 13. Nbd2 Nc6 14. Nf1 Nb4 15. Bb1 d5 16. e5 Ne4 17. a3 Nc6 18. Ne3 Ng5 19. Nf5 Nxf3+ 20. Qxf3 Bg5 21. Bxg5 Qxg5 22. h4 Nxd4 23. Nxd4 Qxh4 24. Nf5 Qg5 25. Ba2 c6 26. Rad1 Bc8 27. Bb1 g6 28. Nd6 Bg4 29. Qc3 Bxd1 30. Rxd1 Rad8 31. Re1 c5 32. Qxc5 Qd2 33. Kf1 Qxb2 34. Qxd5 Kg7 35. Qc5 Qb3 36. Bc2 Qe6 37. Be4 Qg4 38. Bb7 Qh4 39. Kg1 Qa4 40. Qc7 Qxa3 41. Bd5 Qb4 42. Kf1 Qh4 43. g3 Qh3+ 44. Kg1 Qd7 45. Qb6 f6 46. Bc6 Qe6 47. Qb7+ Kh8 48. Bd5 Qd7 49. Qxd7 Rxd7 50. e6 Rxd6 51. e7 Re8 52. Bf7 Rxe7 53. Rxe7 Kg7 54. Ra7 f5 55. Be6+ Kf6 56. Bc8 Ke5 57. Kf1 b4 58. Rxa6 b3 59. Rxd6 Kxd6 60. Ba6 Ke5 61. Ke2 f4 62. g4 h5 63. gxh5 gxh5 64. Kd3 h4 65. Bc8 b2 66. Kc2 Kd4 67. Bg4 b1Q+ 68. Kxb1 Kd3 69. Kc1 h3 70. Bf3 Kc3 71. Kd1 Kd3 72. Ke1 h2 73. Bh1 Kd4 74. Kd2 Ke5 75. Ke2 1-0

[Event "HUN-chT4 1112"]
[Site "Hungary"]
[Date "2011.09.11"]
[Round "1.1"]
[White "Remport, Gabor"]
[Black "Papp, Gabor2222"]
[Result "0-1"]
[WhiteElo "1788"]
[BlackElo "1604"]
[PlyCount "88"]
[EventDate "2011.09.11"]
[EventType "team-tourn"]
[EventRounds "9"]
[EventCountry "HUN"]
[SourceTitle "EXT 2016"]
[Source "ChessBase"]
[SourceDate "2015.10.08"]
[SourceVersion "1"]
[SourceVersionDate "2015.10.08"]
[SourceQuality "1"]

1. e4 e5 2. Nf3 Nc6 3. Bb5 a6 4. Ba4 d6 5. 0-0 Nf6 6. Re1 b5 7. Bb3 Bg4 8. c3 Be7 9. d4 exd4 10. cxd4 Bxf3 11. gxf3 0-0 12. Nc3 Qd7 13. Be3 Rad8 14. Rc1 Na5 15. Nd5 Nxd5 16. Bxd5 c6 17. Bb3 Nxb3 18. Qxb3 Rc8 19. a4 Qh3 20. axb5 axb5 21. Bf4 c5 22. d5 b4 23. Ra1 Ra8 24. Qd3 Rfc8 25. b3 Qh4 26. Bg3 Qg5 27. Qc4 Qg6 28. Ra6 h5 29. Kf1 Rxa6 30. Qxa6 Rd8 31. h4 Qf6 32. f4 Qc3 33. Qb7 Bxh4 34. Re3 Qf6 35. e5 Qe7 36. Qc6 Bxg3 37. fxg3 Kf8 38. Kf2 Qd7 39. e6 fxe6 40. Qxd7 Rxd7 41. Rxe6 Kf7 42. Ke2 Re7 43. f5 Rxe6+ 44. fxe6+ Kf6 0-1

[Event "HUN-chT2 Szechenyi 1011"]
[Site "Hungary"]
[Date "2011.04.17"]
[Round "9.6"]
[White "Remport, Gabor"]
[Black "Kovacs, Dezso"]
[Result "0-1"]
[WhiteElo "1785"]
[BlackElo "2008"]
[PlyCount "68"]
[EventDate "2010.09.12"]
[EventType "team-tourn"]
[EventRounds "11"]
[EventCountry "HUN"]
[SourceTitle "EXT 2012"]
[Source "ChessBase"]
[SourceDate "2011.11.24"]
[SourceVersion "1"]
[SourceVersionDate "2011.11.24"]
[SourceQuality "1"]
[WhiteTeam "FKMK"]
[BlackTeam "Lovo"]
[WhiteTeamCountry "HUN"]
[BlackTeamCountry "HUN"]

1. e4 d5 2. exd5 Qxd5 3. Nc3 Qa5 4. Nf3 Bg4 5. Be2 Nf6 6. 0-0 e6 7. h3 Bh5 8. a3 c6 9. d4 Nbd7 10. Re1 h6 11. Bf4 Be7 12. Ne5 Bxe2 13. Nxe2 0-0 14. c3 Rad8 15. Nc4 Qa6 16. Qb3 Nd5 17. Bh2 c5 18. Rad1 cxd4 19. cxd4 N7f6 20. Ne5 Rc8 21. Ng3 Rfd8 22. Qf3 Rc2 23. Re2 Rdc8 24. Rxc2 Rxc2 25. Qb3 Rc8 26. Nf1 Bd8 27. Ne3 Nxe3 28. fxe3 Qe2 29. Qd3 Qxb2 30. Rb1 Qa2 31. Bf4 Bb6 32. e4 Rc2 33. Rc1 Rxc1+ 34. Bxc1 Qa1 0-1

[Event "HUN-chT2 Szechenyi 1011"]
[Site "Hungary"]
[Date "2010.10.10"]
[Round "3.9"]
[White "Farkas, Mate"]
[Black "Remport, Gabor"]
[Result "0-1"]
[WhiteElo "1824"]
[BlackElo "1785"]
[PlyCount "64"]
[EventDate "2010.09.12"]
[EventType "team-tourn"]
[EventRounds "11"]
[EventCountry "HUN"]
[SourceTitle "EXT 2012"]
[Source "ChessBase"]
[SourceDate "2011.11.24"]
[SourceVersion "1"]
[SourceVersionDate "2011.11.24"]
[SourceQuality "1"]
[WhiteTeam "HVSE Infraplan"]
[BlackTeam "FKMK"]
[WhiteTeamCountry "HUN"]
[BlackTeamCountry "HUN"]

1. e4 c5 2. Nf3 d6 3. d4 cxd4 4. Nxd4 Nf6 5. Nc3 g6 6. Be2 Bg7 7. Bg5 Nc6 8. Nb3 Be6 9. 0-0 0-0 10. Bf3 Ne5 11. Nd5 Bxd5 12. exd5 Nc4 13. Rb1 Qc7 14. c3 Rfe8 15. Re1 Nb6 16. Qd3 Qc4 17. Qxc4 Nxc4 18. g3 Rac8 19. Re2 h6 20. Bf4 Nd7 21. Rbe1 Kf8 22. Kg2 Nde5 23. Be4 Nb6 24. Rd1 Nec4 25. Bc1 Na4 26. Nd4 Nc5 27. Bc2 a6 28. f4 b5 29. f5 g5 30. Nb3 Na4 31. Nd4 Naxb2 32. Bb3 Nxd1 0-1

[Event "HUN-chT2 Szechenyi 0910"]
[Site "Hungary"]
[Date "2010.03.21"]
[Round "8.6"]
[White "Remport, Gabor"]
[Black "Horvath, Tamas"]
[Result "0-1"]
[WhiteElo "1781"]
[BlackElo "2163"]
[PlyCount "76"]
[EventDate "2009.11.08"]
[EventType "team-tourn"]
[EventRounds "11"]
[EventCountry "HUN"]
[SourceTitle "EXT 2011"]
[Source "ChessBase"]
[SourceDate "2010.11.26"]
[SourceVersion "1"]
[SourceVersionDate "2010.11.26"]
[SourceQuality "1"]
[WhiteTeam "FKMK"]
[BlackTeam "Gyor Elektromos"]
[WhiteTeamCountry "HUN"]
[BlackTeamCountry "HUN"]

1. e4 c5 2. Nf3 d6 3. d4 cxd4 4. Nxd4 Nf6 5. Nc3 a6 6. Be2 e5 7. Nb3 Be7 8. 0-0 Be6 9. Qd3 Qc7 10. Nd5 Bxd5 11. exd5 0-0 12. c4 Nbd7 13. Be3 Rac8 14. Rac1 b6 15. Kh1 Qb7 16. Rfd1 Rc7 17. Nd2 Nc5 18. Bxc5 bxc5 19. Rc2 g6 20. f3 Nh5 21. g3 f5 22. Re1 Bg5 23. f4 e4 24. Qa3 Bf6 25. Bxh5 gxh5 26. Nb3 Rg7 27. Na5 Qf7 28. Nc6 h4 29. Re3 Qh5 30. Rd2 Kh8 31. Qb3 Rfg8 32. Kg1 Qg4 33. Kf2 Qh3 34. Ke1 hxg3 35. hxg3 Qh1+ 36. Ke2 Qg1 37. Qd1 Rxg3 38. Qxg1 Rxg1 0-1

[Event "HUN-chT2 Szechenyi 0910"]
[Site "Hungary"]
[Date "2010.03.14"]
[Round "6.7"]
[White "Novak, Attila Robert"]
[Black "Remport, Gabor"]
[Result "1-0"]
[WhiteElo "2122"]
[BlackElo "1781"]
[PlyCount "65"]
[EventDate "2009.11.08"]
[EventType "team-tourn"]
[EventRounds "11"]
[EventCountry "HUN"]
[SourceTitle "EXT 2011"]
[Source "ChessBase"]
[SourceDate "2010.11.26"]
[SourceVersion "1"]
[SourceVersionDate "2010.11.26"]
[SourceQuality "1"]
[WhiteTeam "BSC"]
[BlackTeam "FKMK"]
[WhiteTeamCountry "HUN"]
[BlackTeamCountry "HUN"]

1. d4 Nf6 2. c4 e6 3. Nf3 Bb4+ 4. Bd2 Be7 5. Nc3 b6 6. g3 Ba6 7. b3 Bb7 8. Bg2 d6 9. Qc2 Nbd7 10. 0-0 0-0 11. Rad1 c5 12. e4 cxd4 13. Nxd4 Re8 14. Rfe1 e5 15. Nf5 Bf8 16. Bc1 Qb8 17. Nb5 Re6 18. Bh3 a6 19. Nfxd6 axb5 20. Bxe6 fxe6 21. Nxb7 Qxb7 22. cxb5 Bc5 23. Kg2 Bd4 24. a4 Rc8 25. Qb1 Nc5 26. f3 Qf7 27. Be3 Bc3 28. Re2 Qh5 29. Rc2 Bb4 30. Rc4 Rf8 31. Rxb4 Nfxe4 32. Rf1 Ng5 33. Rh4 1-0

[Event "HUN-chT2 Szechenyi 0910"]
[Site "Hungary"]
[Date "2010.02.28"]
[Round "7.6"]
[White "Finy, Mark"]
[Black "Remport, Gabor"]
[Result "1-0"]
[WhiteElo "1889"]
[BlackElo "1781"]
[PlyCount "45"]
[EventDate "2009.11.08"]
[EventType "team-tourn"]
[EventRounds "11"]
[EventCountry "HUN"]
[SourceTitle "EXT 2011"]
[Source "ChessBase"]
[SourceDate "2010.11.26"]
[SourceVersion "1"]
[SourceVersionDate "2010.11.26"]
[SourceQuality "1"]
[WhiteTeam "Arboretum"]
[BlackTeam "FKMK"]
[WhiteTeamCountry "HUN"]
[BlackTeamCountry "HUN"]

1. d4 Nf6 2. c4 e6 3. Nf3 b6 4. g3 Bb7 5. Bg2 d5 6. 0-0 Be7 7. Qc2 Nbd7 8. b3 0-0 9. Bb2 Rc8 10. Nbd2 c5 11. Rac1 dxc4 12. Qxc4 cxd4 13. Qxd4 Nc5 14. Qf4 Nd5 15. Qg4 Bf6 16. Ne5 Kh8 17. Rfd1 Qe7 18. Ne4 Nxe4 19. Bxe4 Rxc1 20. Rxc1 Qd6 21. Qh5 g6 22. Qh6 Bg7 23. Nxg6+ 1-0

[Event "HUN-chT2 Szechenyi 0809"]
[Site "Hungary"]
[Date "2009.01.11"]
[Round "5.10"]
[White "Remport, Gabor"]
[Black "Tasnadi, Gyula"]
[Result "1/2-1/2"]
[WhiteElo "1796"]
[BlackElo "1845"]
[PlyCount "72"]
[EventDate "2008.10.26"]
[EventType "team-tourn"]
[EventRounds "11"]
[EventCountry "HUN"]
[SourceTitle "EXT 2010"]
[Source "ChessBase"]
[SourceDate "2010.11.25"]
[SourceVersion "1"]
[SourceVersionDate "2010.11.25"]
[SourceQuality "1"]
[WhiteTeam "Flesch"]
[BlackTeam "Keszthely"]
[WhiteTeamCountry "HUN"]
[BlackTeamCountry "HUN"]

1. e4 d5 2. exd5 Qxd5 3. Nc3 Qa5 4. d4 c6 5. Nf3 Nf6 6. Bd2 Qc7 7. Bd3 Bg4 8. h3 Bh5 9. Qe2 Nbd7 10. 0-0-0 e6 11. g4 Bg6 12. Bxg6 hxg6 13. Ng5 Bd6 14. Rhe1 Rf8 15. d5 e5 16. dxc6 bxc6 17. Nce4 Be7 18. f4 Nxe4 19. Nxe4 f6 20. Bc3 0-0-0 21. Qa6+ Qb7 22. Qxb7+ Kxb7 23. fxe5 fxe5 24. Ba5 Nb6 25. Rxd8 Rxd8 26. Rd1 Rd5 27. Rf1 Rxa5 28. Rf7 Nc8 29. Rxg7 Rxa2 30. Rxg6 Ra1+ 31. Kd2 Rh1 32. Rh6 Rh2+ 33. Kd3 Rg2 34. Rh7 Kb6 35. b3 Bc5 36. Rh6 Be7 1/2-1/2

[Event "HUN-chT2 Szechenyi 0809"]
[Site "Hungary"]
[Date "2008.11.30"]
[Round "3.10"]
[White "Bodo, Bence"]
[Black "Remport, Gabor"]
[Result "1-0"]
[WhiteElo "1908"]
[BlackElo "1787"]
[PlyCount "105"]
[EventDate "2008.10.26"]
[EventType "team-tourn"]
[EventRounds "11"]
[EventCountry "HUN"]
[SourceTitle "EXT 2010"]
[Source "ChessBase"]
[SourceDate "2010.11.25"]
[SourceVersion "1"]
[SourceVersionDate "2010.11.25"]
[SourceQuality "1"]
[WhiteTeam "Tapolca II"]
[BlackTeam "Flesch"]
[WhiteTeamCountry "HUN"]
[BlackTeamCountry "HUN"]

1. e4 e5 2. Nf3 Nc6 3. Bc4 Nf6 4. d3 Be7 5. 0-0 0-0 6. Re1 d6 7. h3 Na5 8. Bb3 Nxb3 9. axb3 Ne8 10. Nc3 c6 11. Be3 f5 12. exf5 Bxf5 13. Ne4 b6 14. Ng3 Bg6 15. Nd2 Nc7 16. d4 exd4 17. Bxd4 d5 18. Nf3 Nb5 19. Bxb6 Qd6 20. Bd4 Nxd4 21. Nxd4 Bf6 22. c3 Be5 23. Nxc6 Bxg3 24. Ne7+ Kh8 25. Nxg6+ Qxg6 26. fxg3 Qxg3 27. Qd2 Rf5 28. Qe3 Qxe3+ 29. Rxe3 Raf8 30. Rf3 Rxf3 31. gxf3 Rxf3 32. Rxa7 h6 33. Kg2 Rd3 34. Rf7 d4 35. Rf3 Rd2+ 36. Rf2 Rd3 37. Rc2 Kg8 38. b4 Kf7 39. b5 dxc3 40. bxc3 Ke6 41. c4 Rb3 42. Re2+ Kd6 43. Re8 Kc5 44. Rc8+ Kd4 45. Rc6 Re3 46. b6 Re8 47. c5 Kd5 48. Rc7 Re2+ 49. Kf3 Rb2 50. b7 g5 51. c6 h5 52. Rc8 Rb3+ 53. Ke2 1-0

[Event "HUN-chT2 Szechenyi 0708"]
[Site "Hungary"]
[Date "2007.12.09"]
[Round "4"]
[White "Remport, Gabor"]
[Black "Magyar, Jozsef"]
[Result "0-1"]
[WhiteElo "1784"]
[BlackElo "1961"]
[PlyCount "120"]
[EventDate "2007.10.14"]
[EventType "team"]
[EventRounds "11"]
[EventCountry "HUN"]
[SourceTitle "EXT 2009"]
[Source "ChessBase"]
[SourceDate "2008.11.26"]
[SourceVersion "1"]
[SourceVersionDate "2008.11.26"]
[SourceQuality "1"]
[WhiteTeam "Flesch"]
[BlackTeam "Peti MTE"]
[WhiteTeamCountry "HUN"]
[BlackTeamCountry "HUN"]

1. e4 c6 2. d4 d5 3. e5 Bf5 4. Nf3 e6 5. Be2 Nd7 6. Nbd2 c5 7. c3 cxd4 8. cxd4 Rc8 9. Qb3 Qc7 10. 0-0 Ne7 11. Bd3 Nb6 12. Rd1 Bg6 13. Bxg6 Nxg6 14. Nf1 Qc2 15. Qxc2 Rxc2 16. Rd2 Rc6 17. a3 Be7 18. b3 Kd7 19. Bb2 Rhc8 20. g3 a5 21. Ne3 h5 22. h4 a4 23. b4 f5 24. exf6 gxf6 25. Ne1 f5 26. f4 Nc4 27. Nxc4 Rxc4 28. Nd3 b6 29. Re1 Bf6 30. Ne5+ Bxe5 31. dxe5 b5 32. Red1 Ne7 33. Bd4 Ng8 34. Kf2 Nh6 35. Rd3 Ng4+ 36. Ke2 Rc2+ 37. R1d2 Rc1 38. Rd1 R8c2+ 39. R3d2 Nh2 40. Rxc1 Rxc1 41. Rd3 Rc2+ 42. Ke1 Rc4 43. Ke2 Ng4 44. Kd2 Kc6 45. Bg1 Nh6 46. Bd4 Ng8 47. Bc5 Kd7 48. Ke3 Ne7 49. Bxe7 Kxe7 50. Rd4 Kd7 51. Rd3 Kc6 52. Kd2 d4 53. Kd1 Kd5 54. Ke2 Rc2+ 55. Kd1 Rb2 56. Kc1 Rf2 57. Kd1 Kc4 58. Rd2 Rxd2+ 59. Kxd2 Kb3 60. Kd3 Kxa3 0-1

[Event "HUN-chT2 Szechenyi 0708"]
[Site "Hungary"]
[Date "2007.10.14"]
[Round "1"]
[White "Papp, Gabor"]
[Black "Remport, Gabor"]
[Result "0-1"]
[WhiteElo "2474"]
[BlackElo "1784"]
[PlyCount "120"]
[EventDate "2007.10.14"]
[EventType "team"]
[EventRounds "11"]
[EventCountry "HUN"]
[SourceTitle "EXT 2009"]
[Source "ChessBase"]
[SourceDate "2008.11.26"]
[SourceVersion "1"]
[SourceVersionDate "2008.11.26"]
[SourceQuality "1"]
[WhiteTeam "Gyor Komszomol"]
[BlackTeam "Flesch"]
[WhiteTeamCountry "HUN"]
[BlackTeamCountry "HUN"]

1. e4 e5 2. Nf3 Nc6 3. d4 exd4 4. Nxd4 Bc5 5. c3 Qf6 6. Be3 Nge7 7. f4 d6 8. g3 Bd7 9. Nc2 Bxe3 10. Nxe3 h5 11. Bg2 0-0-0 12. Na3 g5 13. Rf1 gxf4 14. Rxf4 Qg5 15. Qd2 h4 16. Nf1 hxg3 17. hxg3 Ne5 18. 0-0-0 Bg4 19. Re1 Rh7 20. Nc2 Qh5 21. Qe3 Kb8 22. Kb1 N7c6 23. Nd4 Ne7 24. Nd2 Qg6 25. Ref1 Bh3 26. Rg1 Bxg2 27. Rxg2 Rh3 28. Qg1 Rg8 29. g4 Nd5 30. Rff2 Ne3 31. Rg3 Rxg3 32. Qxg3 Qxg4 33. Qxg4 Rxg4 34. a3 a6 35. Re2 Ng2 36. Kc2 Nf4 37. Rh2 b6 38. Rh8+ Kb7 39. Rh2 Rg2 40. Rxg2 Nxg2 41. b4 Ne3+ 42. Kb3 d5 43. exd5 Nxd5 44. Nf5 Kc6 45. Ne4 Kd7 46. a4 Ne7 47. Nxe7 Kxe7 48. a5 f5 49. Nd2 f4 50. axb6 cxb6 51. c4 Kd7 52. Kc3 Ke6 53. b5 axb5 54. cxb5 Kd5 55. Nf1 Kc5 56. Nd2 f3 57. Ne4+ Kxb5 58. Kd2 Ng4 59. Nc3+ Kc4 60. Nd1 b5 0-1